| 000 | 00376nam a2200145Ia 4500 | ||
|---|---|---|---|
| 003 | 0 | ||
| 005 | 20260121163123.0 | ||
| 008 | 180323s9999 xx 000 0 und d | ||
| 020 | _a765703610 | ||
| 100 | _aRubovits-Seitz, Philip F.D | ||
| 245 | 2 | _aA primer of child interpretation / | |
| 260 |
_aUSA : _bJason Aronson Inc. _c2002 |
||
| 300 | _avii, 223 pages | ||
| 942 |
_2lcc _cBK |
||
| 999 |
_c356346 _d356346 |
||